| 000 | 00524nam a2200181Ia 4500 | ||
|---|---|---|---|
| 005 | 20250508150638.0 | ||
| 008 | 008 250505s9999 xx 000 0 eng d | ||
| 037 | _aTextual | ||
| 040 |
_aFEDL _beng _cFEDL |
||
| 041 |
_aeng _2eng |
||
| 084 |
_a153.93, PIN _qFEDL |
||
| 100 |
_aPintner Roudolph _9757269 |
||
| 245 | 0 | _aIntelligence testing : Mathods and results | |
| 260 |
_aNew York, USA _bHenry Holt and Company _c1927 |
||
| 300 | _axii,555p. | ||
| 942 |
_cTEXL _h153.93, PIN |
||
| 999 |
_c1324778 _d1324778 |
||